000
00293pam a2200109a 44500
008
230405s2022 xxu||||| |||| 00| 0 eng d
041
_a
ENG
100
_a
DR.B S KUCHEKAR
245
_a
PHARMACEUTICAL JURISPRUDENCE (DR.B S KUCHEKAR )
260
_a
_b
NIRALI PRAKASHAN PUNE
_c
2022
906
_a
5537
999
_c
280808
_d
280808